| 000 | 00705cab a2200217 4500 | ||
|---|---|---|---|
| 001 | WB3409-41 | ||
| 008 | 090401t1998 xxu||||| |||| 00| 0 eng d | ||
| 035 | _a(Sirsi) u84687 | ||
| 041 | _aeng | ||
| 245 | _aHong Kong property | ||
| 260 | _c1998 | ||
| 350 | _a0 | ||
| 490 |
_aFinancial Times _v4 March 1998, 4(1) |
||
| 520 | _aThe Hong Kong real estate sector fell into deeper decline, with the announcement by the Hong Kong Land Registry that the value of sales was 77 per cent down in February 1998 compared to the previous year. | ||
| 650 | _aHONG KONG | ||
| 650 | _aPROPERTY SALES | ||
| 650 | _aPROPERTY VALUES | ||
| 690 | _aOVERSEAS-REST OF THE WORLD | ||
| 942 | _n0 | ||
| 948 | _c05/03/1998 | ||
| 999 |
_c53252 _d53252 |
||